Guess The Brand! #41 - Statistics

General Stats
  • This quiz has been taken 33 times
  • The average score is 9 of 20
Answer Stats
Picture Answer % Correct
DVD
93%
Winnie The Pooh
80%
Tabasco
67%
Cash App
60%
Cinnamon Toast Crunch
60%
Milwaukee Bucks
57%
Minnesota Timberwolves
57%
BJs
53%
Hostess
53%
Country Time Lemonade
50%
The Onion
47%
Swiss Miss
40%
LUSH
33%
Hometown Buffet
30%
Foton Motor
23%
Game & Watch
23%
Cinemark
17%
Game Boy Color
17%
Killzone
17%
Microchip Technology
17%
No matching quizzes found
Score Distribution
Percent of People with Each Score
Percentile by Number Answered
Your Score History
You have not taken this quiz